Ordinary - Alex Warren (All Lyrics) - Statistics

General Stats
  • This quiz has been taken 631 times
  • The average score is 249 of 343
Answer Stats
Answer % Correct
the
98%
I
96%
ordinary
95%
me
93%
out
93%
ya
93%
you
93%
of
92%
and
89%
do
86%
your
86%
to
85%
so
84%
we
83%
down
82%
on
82%
my
81%
taking
79%
angels
78%
in
78%
Oh
78%
oh
78%
clouds
77%
take
77%
up
77%
are
73%
say
73%
Something
73%
They
73%
found
72%
jealous
72%
holy
70%
at
69%
love
69%
You're
69%
you're
69%
its
68%
look
68%
want
68%
water's
68%
dead
67%
laying
67%
ground
66%
edge
65%
our
65%
got
64%
is
64%
kissing
64%
sanctuary
64%
one
63%
this
63%
day
62%
lost
62%
will
62%
we're
61%
after
60%
buried
60%
faith
60%
til
60%
drunk
59%
running
59%
time
59%
eventually
58%
if
58%
knife
58%
knowing
58%
watered
58%
fade
56%
town's
56%
staying
55%
make
54%
masterpiece
53%
vine
52%
with
51%
life
50%
dust
49%
lord
49%
we'll
49%
breath
48%
away?
47%
touch
47%
colours
46%
shatter
44%
how
41%
I'm
41%
return
41%
Hopeless
40%
heavenly
39%
mundane
39%
black
35%
hallelujah
35%
heaven's
35%
than
35%
white
35%
next
34%
gate
33%
higher
33%
pray
32%
die
30%
saw
30%
side
30%
until
30%
was
30%
breathe
29%
had
29%
light
29%
altar
28%
clay
28%
find
28%
ecstasy
27%
whenever
27%
sculptor
25%
thought
25%
world
23%
No matching quizzes found
Score Distribution
Percent of People with Each Score
Percentile by Number Answered
Your Score History
You have not taken this quiz